[Event "10. HIT Open 2005 - B"]
[Site "Nova Gorica SLO"]
[Date "2005.02.01"]
[Round "7.2"]
[White "Skok, Joze"]
[Black "Picco, Ruggero"]
[Result "1/2-1/2"]
[WhiteElo "2102"]
[BlackElo "2022"]
[PlyCount "138"]
[EventDate "2005.01.28"]
[EventType "swiss"]
[EventRounds "9"]
[EventCountry "SLO"]
[Source "lmi"]
[SourceDate "2005.02.03"]

1. e4 e5 2. Nf3 f5 3. Nxe5 Qf6 4. d4 d6 5. Nf3 fxe4 6. Qe2 Qg6 7. Nc3 Nf6 8.
Nh4 Qg4 9. Qxg4 Bxg4 10. h3 Be6 11. Bg5 Be7 12. O-O-O O-O 13. d5 Nxd5 14. Rxd5
Nc6 15. Bxe7 Nxe7 16. Rb5 a6 17. Rxb7 g5 18. Rxc7 Nd5 19. Nxd5 Bxd5 20. Bc4
Bxc4 21. Rxc4 d5 22. Rd4 gxh4 23. Rxd5 Rxf2 24. Rd2 Rf5 25. Re1 Re8 26. Rde2
Rfe5 27. Re3 Kg7 28. Rf1 Kg6 29. Rf4 Kg5 30. Rg4+ Kh5 31. b4 R8e7 32. c4 R5e6
33. a4 Re5 34. Kc2 R5e6 35. Kc3 Re8 36. c5 R8e7 37. b5 axb5 38. axb5 h6 39. Kc4
Re8 40. c6 R6e7 41. b6 Re6 42. Kb5 Re5+ 43. Ka6 Ra8+ 44. Kb7 Re7+ 45. c7 Rxc7+
46. bxc7 Ra7+ 47. Kb6 Rb7+ 48. Ka5 Rb5+ 49. Ka4 Ra5+ 50. Kb4 Ra4+ 51. Kc3 Rc4+
52. Kb2 Rc2+ 53. Kb3 Rb2+ 54. Kc4 Rb4+ 55. Kd5 Rd4+ 56. Ke5 Rd5+ 57. Kxe4 Re5+
58. Kd4 Rd5+ 59. Kc3 Rd3+ 60. Kb4 Rb3+ 61. Kc5 Rb5+ 62. Kc6 Rc5+ 63. Kd6 Rc6+
64. Ke5 Re6+ 65. Kd4 Rd6+ 66. Kc3 Rd3+ 67. Kc2 Rc3+ 68. Kd2 Rd3+ 69. Kc2 Rc3+
1/2-1/2

[Event "10. HIT Open 2005 - B"]
[Site "Nova Gorica SLO"]
[Date "2005.02.01"]
[Round "7.3"]
[White "Diotallevi, Maurizio"]
[Black "Budihna, Kristijan"]
[Result "0-1"]
[WhiteElo "2083"]
[BlackElo "2023"]
[PlyCount "115"]
[EventDate "2005.01.28"]
[EventType "swiss"]
[EventRounds "9"]
[EventCountry "SLO"]
[Source "lmi"]
[SourceDate "2005.02.03"]

1. d4 d5 2. c4 e6 3. Nc3 Be7 4. Nf3 Nf6 5. Bg5 h6 6. Bh4 O-O 7. e3 b6 8. cxd5
Nxd5 9. Bxe7 Qxe7 10. Bd3 Nd7 11. O-O Bb7 12. Rc1 c5 13. Qe2 Rfc8 14. Rfd1 cxd4
15. Nxd4 Nxc3 16. bxc3 Nc5 17. e4 Rd8 18. Bb1 Rac8 19. Qe3 Na4 20. e5 a6 21. f4
Qa3 22. Nb3 Rxd1+ 23. Rxd1 Qb2 24. Qd2 Qxd2 25. Rxd2 Bd5 26. Nc1 Rxc3 27. Rc2
Rxc2 28. Bxc2 Nc3 29. a3 Kf8 30. Bd3 b5 31. g3 a5 32. Kf1 Ke7 33. Ke1 f6 34.
Kd2 b4 35. axb4 axb4 36. exf6+ Kxf6 37. Bc2 g5 38. Ke3 gxf4+ 39. gxf4 Nb5 40.
Bd1 Kf5 41. h3 Nd6 42. Bg4+ Kf6 43. Bd1 Nf5+ 44. Kd3 Nh4 45. Bg4 Ng2 46. Ne2
Kg6 47. Kd4 b3 48. f5+ exf5 49. Kxd5 fxg4 50. hxg4 b2 51. Nc3 Kg5 52. Kc4 Kxg4
53. Kb3 h5 54. Kxb2 h4 55. Ne4 Kf3 56. Ng5+ Kf4 57. Nh3+ Kg3 58. Ng1 0-1

[Event "10. HIT Open 2005 - B"]
[Site "Nova Gorica SLO"]
[Date "2005.02.01"]
[Round "7.4"]
[White "Laco, Giuseppe"]
[Black "Pagnutti, Lorenzo"]
[Result "1-0"]
[WhiteElo "2104"]
[BlackElo "2060"]
[PlyCount "134"]
[EventDate "2005.01.28"]
[EventType "swiss"]
[EventRounds "9"]
[EventCountry "SLO"]
[Source "lmi"]
[SourceDate "2005.02.03"]

1. c4 e5 2. Nc3 Nf6 3. g3 d5 4. cxd5 Nxd5 5. Bg2 Nxc3 6. bxc3 Bd6 7. Qb3 c6 8.
h4 Na6 9. d3 Nc5 10. Qc2 Ne6 11. e4 Bd7 12. Ne2 c5 13. a4 Bc6 14. O-O O-O 15.
Be3 Re8 16. f3 b6 17. Bf2 Qc7 18. Bh3 Bd7 19. Kg2 Rf8 20. Rfd1 h6 21. Bxe6 fxe6
22. c4 Rf6 23. Be3 Raf8 24. Rf1 Qd8 25. Nc3 Be8 26. Qe2 Be7 27. Rad1 R6f7 28.
Rh1 Rxf3 29. Qxf3 Rxf3 30. Kxf3 Bc6 31. Ke2 Qe8 32. Ra1 Qg6 33. Kf3 Qf5+ 34.
Kg2 Qg4 35. a5 Bd8 36. a6 Qg6 37. Rab1 Be8 38. Kh3 Qf7 39. Rhf1 Qd7 40. Rfd1
Qc8 41. Ra1 Qd7 42. Nb5 Qe7 43. Bf2 Qf7 44. Kg2 Kh7 45. Nd6 Qd7 46. Nxe8 Qxe8
47. Rd2 Qd7 48. Rb1 Qc8 49. Ra2 Qc6 50. Ra3 Bc7 51. Be3 Bd8 52. Kf3 Qc7 53. Ke2
Qe7 54. Raa1 Qd7 55. Rf1 Bf6 56. Rf3 Qc8 57. Bd2 Qe8 58. Bc3 Qb8 59. Kf2 Qc7
60. Kg2 Qb8 61. Kh3 h5 62. g4 hxg4+ 63. Kxg4 Qe8 64. h5 Qc8 65. Bb2 Qe8 66. Rh1
Qf7 67. Bxe5 Qg8 1-0

[Event "10. HIT Open 2005 - B"]
[Site "Nova Gorica SLO"]
[Date "2005.02.01"]
[Round "7.5"]
[White "Ursic, Mateja"]
[Black "Belardinelli, Franco"]
[Result "1-0"]
[WhiteElo "2048"]
[BlackElo "2000"]
[PlyCount "117"]
[EventDate "2005.01.28"]
[EventType "swiss"]
[EventRounds "9"]
[EventCountry "SLO"]
[Source "lmi"]
[SourceDate "2005.02.03"]

1. e4 c5 2. c3 d5 3. exd5 Qxd5 4. d4 Nc6 5. Nf3 Bg4 6. Be2 cxd4 7. cxd4 e6 8.
Nc3 Qd8 9. O-O Nf6 10. h3 Bh5 11. Be3 Be7 12. Qb3 a6 13. Rfd1 O-O 14. Ne5 Bxe2
15. Nxe2 Nb4 16. a3 Qd5 17. Qa4 b5 18. Qa5 Nc6 19. Nxc6 Qxc6 20. Rac1 Qb7 21.
Nf4 Rfc8 22. Nd3 Nd5 23. Qd2 Rc6 24. Nc5 Qa7 25. Bg5 h6 26. Bxe7 Nxe7 27. Qf4
Rd8 28. Qg4 Nd5 29. b4 Qe7 30. Qf3 Rdc8 31. Re1 R8c7 32. Qb3 Qg5 33. Ra1 Qd2
34. Red1 Qg5 35. a4 bxa4 36. Rxa4 Nf4 37. Qf3 e5 38. Ne4 Qe7 39. dxe5 Qxe5 40.
Ra5 Nxh3+ 41. gxh3 Qb2 42. b5 axb5 43. Rd8+ Kh7 44. Raa8 Rg6+ 45. Ng3 Qb1+ 46.
Kh2 Rg5 47. Rh8+ Kg6 48. Ra6+ f6 49. Qe3 Qc2 50. Qe8+ Rf7 51. Qe4+ Qxe4 52.
Nxe4 Rd5 53. Rb8 Rc7 54. Ra2 Kf5 55. Ng3+ Ke5 56. Rb2 Rcc5 57. Kg2 g6 58. Re8+
Kd4 59. Ne2+ 1-0

[Event "10. HIT Open 2005 - B"]
[Site "Nova Gorica SLO"]
[Date "2005.02.01"]
[Round "7.6"]
[White "Visintin, Roberto"]
[Black "Bucer, Savin"]
[Result "1-0"]
[WhiteElo "1940"]
[BlackElo "1500"]
[PlyCount "51"]
[EventDate "2005.01.28"]
[EventType "swiss"]
[EventRounds "9"]
[EventCountry "SLO"]
[Source "lmi"]
[SourceDate "2005.02.03"]

1. d4 d5 2. Nf3 Nf6 3. Bf4 g6 4. e3 Bg7 5. h3 Nc6 6. Nbd2 O-O 7. c3 a6 8. Bd3
e6 9. O-O Bd7 10. e4 dxe4 11. Nxe4 Nxe4 12. Bxe4 f5 13. Bd3 Qe7 14. Bxc7 Rac8
15. Bf4 b5 16. Re1 Qf7 17. a4 Ne7 18. axb5 Bxb5 19. Bxb5 axb5 20. Ng5 Qe8 21.
Nxe6 Rf7 22. Qb3 h6 23. Nxg7 Kxg7 24. Ra7 Qf8 25. Bd6 Re8 26. Qe6 1-0

[Event "10. HIT Open 2005 - B"]
[Site "Nova Gorica SLO"]
[Date "2005.02.01"]
[Round "7.7"]
[White "Punteri, Marco"]
[Black "Padjen, Zdenko"]
[Result "1-0"]
[WhiteElo "2051"]
[BlackElo "2069"]
[PlyCount "91"]
[EventDate "2005.01.28"]
[EventType "swiss"]
[EventRounds "9"]
[EventCountry "SLO"]
[Source "lmi"]
[SourceDate "2005.02.03"]

1. d4 f5 2. c4 Nf6 3. Nc3 g6 4. f3 d6 5. e4 fxe4 6. fxe4 Bg7 7. Be2 e5 8. dxe5
dxe5 9. Qxd8+ Kxd8 10. Nf3 Nbd7 11. Bg5 c6 12. O-O Ke7 13. b4 h6 14. Be3 Re8
15. Rad1 Kf7 16. c5 Kg8 17. Nd2 b5 18. Nb3 Nf8 19. Rd6 Re6 20. Rd2 Bd7 21. Na5
Rc8 22. Bd1 Kh7 23. h3 Re7 24. Rdf2 Nh5 25. Kh2 Nf4 26. Rd2 g5 27. Ne2 N8e6 28.
Nc1 Nd4 29. Ncb3 Nfe6 30. Bg4 Rf8 31. Rxf8 Bxf8 32. Nxd4 exd4 33. Bf5+ Kh8 34.
Bxd4+ Nxd4 35. Rxd4 Be8 36. Rd8 Re5 37. Rc8 Kg7 38. Nxc6 Bxc6 39. Rxc6 Re7 40.
Rg6+ Kf7 41. Ra6 Bg7 42. Kg3 Bc3 43. a3 h5 44. Kf3 h4 45. Kg4 Bd2 46. Ra5 1-0

[Event "10. HIT Open 2005 - B"]
[Site "Nova Gorica SLO"]
[Date "2005.02.01"]
[Round "7.8"]
[White "Furlan, Albin"]
[Black "Plaskan, Jure"]
[Result "1/2-1/2"]
[WhiteElo "2083"]
[BlackElo "2031"]
[PlyCount "97"]
[EventDate "2005.01.28"]
[EventType "swiss"]
[EventRounds "9"]
[EventCountry "SLO"]
[Source "lmi"]
[SourceDate "2005.02.03"]

1. d4 Nf6 2. c4 c5 3. Nc3 cxd4 4. Qxd4 Nc6 5. Qd1 g6 6. g3 Bg7 7. Bg2 O-O 8. e3
d6 9. Nge2 Be6 10. b3 Rc8 11. Bb2 Qd7 12. Nf4 Bf5 13. O-O g5 14. Nd3 Bg6 15.
Nb5 a6 16. Nd4 Nxd4 17. Bxd4 b5 18. Rc1 bxc4 19. bxc4 Qe6 20. c5 Qf5 21. Bxf6
Bxf6 22. e4 Qe6 23. cxd6 Qxd6 24. Qe2 Qa3 25. f4 Rcd8 26. Rcd1 Bd4+ 27. Kh1 f6
28. Ne1 Bb6 29. Rxd8 Rxd8 30. fxg5 fxg5 31. Qc4+ Kg7 32. Nc2 Qc5 33. Qxc5 Bxc5
34. Na1 Bb6 35. Nb3 Rc8 36. Rd1 Rc2 37. Rd2 Rxd2 38. Nxd2 Bf7 39. Bf1 a5 40.
Nc4 Bc7 41. Kg2 Kf6 42. Kf3 h5 43. h3 Be6 44. g4 hxg4+ 45. hxg4 Bxc4 46. Bxc4
Ke5 47. Bg8 Bb6 48. Bb3 Kd4 49. Bf7 1/2-1/2

[Event "10. HIT Open 2005 - B"]
[Site "Nova Gorica SLO"]
[Date "2005.02.01"]
[Round "7.9"]
[White "Milinkovic, Zdravko"]
[Black "Fantini, Marco"]
[Result "0-1"]
[WhiteElo "2016"]
[BlackElo "1850"]
[PlyCount "160"]
[EventDate "2005.01.28"]
[EventType "swiss"]
[EventRounds "9"]
[EventCountry "SLO"]
[Source "lmi"]
[SourceDate "2005.02.03"]

1. d4 d5 2. c4 e6 3. Nc3 c5 4. e3 Nf6 5. Nf3 Nc6 6. a3 cxd4 7. exd4 dxc4 8.
Bxc4 a6 9. O-O Be7 10. h3 O-O 11. Bf4 b5 12. Ba2 Bb7 13. Rc1 b4 14. axb4 Nxb4
15. Bb1 Rc8 16. Be5 Qa5 17. Qe2 Rfd8 18. Ng5 h6 19. Nge4 Nxe4 20. Nxe4 Bxe4 21.
Rxc8 Rxc8 22. Qg4 Bf8 23. Qxe4 g6 24. Qg4 Bg7 25. f4 Qd5 26. f5 Bxe5 27. dxe5
exf5 28. Bxf5 Rc4 29. Qg3 Kh7 30. e6 gxf5 31. e7 Qc5+ 32. Kh1 Qxe7 33. Rxf5
Rc1+ 34. Kh2 Qc7 35. Rf4 Rc4 36. Rxc4 Qxc4 37. Qe5 Qe6 38. Qd4 Nd5 39. Qd3+ Kg7
40. Qg3+ Qg6 41. Qe5+ Nf6 42. b4 Qd3 43. Qa5 Kg6 44. Qb6 Qb5 45. Qd6 Qd5 46.
Qg3+ Kh7 47. Qa3 Qe6 48. Qd3+ Ne4 49. Qb1 f5 50. Qc2 Qd6+ 51. Kg1 Kg6 52. Qc4
Kg5 53. Qg8+ Kf4 54. Qc4 h5 55. Qf1+ Ke5 56. Qf3 h4 57. Qh5 Qd4+ 58. Kh2 Qc4
59. Qxh4 Qxb4 60. Qh8+ Kd5 61. Qg8+ Kd4 62. Qh8+ Kd3 63. Qa1 Qd6+ 64. Kh1 Ng3+
65. Kh2 Nf1+ 66. Kg1 Qh2+ 67. Kf2 Qf4+ 68. Kg1 Qd4+ 69. Qxd4+ Kxd4 70. Kxf1 a5
71. Ke1 a4 72. Kd1 Ke4 73. Kc2 f4 74. Kb2 Kf5 75. Ka3 Kg5 76. Kxa4 Kh4 77. Kb3
Kg3 78. Kc2 Kxg2 79. h4 f3 80. h5 f2 0-1

[Event "10. HIT Open 2005 - B"]
[Site "Nova Gorica SLO"]
[Date "2005.02.01"]
[Round "7.10"]
[White "Valic, Jakob"]
[Black "Di Lazzaro, Gabriele"]
[Result "1/2-1/2"]
[WhiteElo "1507"]
[BlackElo "2012"]
[PlyCount "45"]
[EventDate "2005.01.28"]
[EventType "swiss"]
[EventRounds "9"]
[EventCountry "SLO"]
[Source "lmi"]
[SourceDate "2005.02.03"]

1. e4 c5 2. Nf3 a6 3. c3 e6 4. Bc4 d5 5. exd5 exd5 6. Qe2+ Be7 7. Bb3 Nf6 8.
O-O O-O 9. h3 Nc6 10. d3 Re8 11. Bg5 h6 12. Bh4 Bf5 13. Re1 Qd7 14. Bc2 Bg6 15.
Qd1 Nh5 16. Bxe7 Rxe7 17. Rxe7 Qxe7 18. d4 Bxc2 19. Qxc2 cxd4 20. cxd4 Re8 21.
Nc3 Qd7 22. Qa4 Nf6 23. Qc2 1/2-1/2

[Event "10. HIT Open 2005 - B"]
[Site "Nova Gorica SLO"]
[Date "2005.02.01"]
[Round "7.11"]
[White "Petrovic, Marko"]
[Black "Ursic, Aleksander"]
[Result "0-1"]
[WhiteElo "1927"]
[BlackElo "1948"]
[PlyCount "83"]
[EventDate "2005.01.28"]
[EventType "swiss"]
[EventRounds "9"]
[EventCountry "SLO"]
[Source "lmi"]
[SourceDate "2005.02.03"]

1. c4 Nf6 2. Nc3 e6 3. Nf3 Bb4 4. g3 b6 5. Bg2 Bb7 6. O-O O-O 7. Qc2 Bxc3 8.
bxc3 d6 9. a4 a5 10. d3 Nbd7 11. Bg5 h6 12. Be3 Qe7 13. h3 Rab8 14. Rab1 Nh7
15. Rb5 f5 16. Nd4 Bxg2 17. Kxg2 Qe8 18. f4 g5 19. Nc6 Ra8 20. d4 Ndf6 21. fxg5
hxg5 22. d5 exd5 23. Bxg5 Nxg5 24. Qxf5 Qe4+ 25. Qxe4 Ngxe4 26. Ne7+ Kh7 27.
Rf4 Nxc3 28. Rb3 Rfe8 29. Rh4+ Kg7 30. Nf5+ Kg6 31. g4 Rxe2+ 32. Kf3 Nfe4 33.
Rh6+ Kf7 34. cxd5 Nd2+ 35. Kg3 Nxb3 36. Rh7+ Kg8 37. Rxc7 Nxd5 38. Rg7+ Kh8 39.
Rg6 Rf8 40. Rg5 Re5 41. h4 Nc5 42. h5 0-1

[Event "10. HIT Open 2005 - B"]
[Site "Nova Gorica SLO"]
[Date "2005.02.01"]
[Round "7.12"]
[White "Lapornik, Robert"]
[Black "Di-Donato, Giovanni"]
[Result "0-1"]
[WhiteElo "2000"]
[BlackElo "2125"]
[PlyCount "80"]
[EventDate "2005.01.28"]
[EventType "swiss"]
[EventRounds "9"]
[EventCountry "SLO"]
[Source "lmi"]
[SourceDate "2005.02.03"]

1. Nf3 d5 2. c4 c6 3. cxd5 cxd5 4. g3 Nf6 5. b3 Nc6 6. Bb2 d4 7. d3 e5 8. a3
Be6 9. Nbd2 Rc8 10. Bg2 Qb6 11. Nc4 Bxc4 12. dxc4 a5 13. O-O Bc5 14. Kh1 O-O
15. Nd2 Rcd8 16. Qb1 d3 17. e3 Rfe8 18. h3 h6 19. Rd1 Bf8 20. Bc3 g6 21. Qb2
Qc7 22. f4 Nh5 23. Kh2 exf4 24. exf4 Re2 25. Rf1 Bg7 26. Bxg7 Nxg7 27. Qc3 Qe7
28. Rg1 Nf5 29. Nf3 Qe3 30. Raf1 Ncd4 31. Nxd4 Qxg3+ 32. Kh1 Nxd4 33. Qxa5 Rde8
34. Qd5 Qe3 35. Qd7 d2 36. Bd5 Re6 37. Rxg6+ fxg6 38. Qd8+ Kg7 39. Qh4 Re1 40.
Bg2 Rxf1+ 0-1

[Event "10. HIT Open 2005 - B"]
[Site "Nova Gorica SLO"]
[Date "2005.02.01"]
[Round "7.13"]
[White "Bonoli, Luciano"]
[Black "Nardin, Flavij"]
[Result "1/2-1/2"]
[WhiteElo "1725"]
[BlackElo "2062"]
[PlyCount "51"]
[EventDate "2005.01.28"]
[EventType "swiss"]
[EventRounds "9"]
[EventCountry "SLO"]
[Source "lmi"]
[SourceDate "2005.02.03"]

1. c4 e5 2. g3 c6 3. Bg2 d5 4. cxd5 cxd5 5. Nc3 Nf6 6. d3 Bb4 7. a3 Bxc3+ 8.
bxc3 Nc6 9. Bg5 Be6 10. Rb1 Rb8 11. Nf3 O-O 12. O-O h6 13. Be3 b5 14. a4 a6 15.
axb5 axb5 16. Bc5 Re8 17. Rb2 e4 18. Nd4 Nxd4 19. Bxd4 Bf5 20. dxe4 Bxe4 21.
Bxf6 Qxf6 22. Bxe4 dxe4 23. Qd4 Qc6 24. e3 Red8 25. Qb4 Rdc8 26. Rfb1 1/2-1/2

[Event "10. HIT Open 2005 - B"]
[Site "Nova Gorica SLO"]
[Date "2005.02.01"]
[Round "7.14"]
[White "Grosar, Gari"]
[Black "Ursic, Jakob"]
[Result "0-1"]
[WhiteElo "1500"]
[BlackElo "1943"]
[PlyCount "112"]
[EventDate "2005.01.28"]
[EventType "swiss"]
[EventRounds "9"]
[EventCountry "SLO"]
[Source "lmi"]
[SourceDate "2005.02.03"]

1. e4 e5 2. Nf3 Nc6 3. d4 exd4 4. Bc4 Nf6 5. e5 d5 6. Bb5 Ne4 7. Nxd4 Bc5 8.
Be3 O-O 9. Nxc6 bxc6 10. Bxc6 Bxe3 11. fxe3 Qh4+ 12. g3 Nxg3 13. Kd2 Nxh1 14.
Bxa8 Qf2+ 15. Qe2 Qxe2+ 16. Kxe2 Ba6+ 17. Kf3 Rxa8 18. Kg2 Re8 19. Kxh1 Rxe5
20. Nc3 Rxe3 21. Nxd5 Bb7 22. Rd1 Re5 23. c4 Rg5 24. h3 Kf8 25. Kh2 Bxd5 26.
cxd5 Ke7 27. Rc1 Kd7 28. Rc5 Re5 29. Kg3 Re2 30. Rb5 Rd2 31. Kf4 a6 32. Ra5
Rxb2 33. Rxa6 Rh2 34. Ra3 Kd6 35. Kg3 Rd2 36. Ra8 Rxd5 37. Rg8 h6 38. Rxg7 Rg5+
39. Rxg5 hxg5 40. Kf3 f5 41. Ke3 c5 42. a4 Kc6 43. Kd3 f4 44. Ke4 c4 45. a5 c3
46. Kd3 f3 47. Kxc3 f2 48. a6 f1=Q 49. a7 Kb7 50. a8=Q+ Kxa8 51. Kd4 Qxh3 52.
Ke4 Qf1 53. Ke3 g4 54. Ke4 g3 55. Ke3 g2 56. Ke4 g1=Q 0-1

[Event "10. HIT Open 2005 - B"]
[Site "Nova Gorica SLO"]
[Date "2005.02.01"]
[Round "7.15"]
[White "Kogoj, Boris"]
[Black "Antoniacci, Riccardo"]
[Result "1/2-1/2"]
[WhiteElo "1849"]
[BlackElo "2000"]
[PlyCount "120"]
[EventDate "2005.01.28"]
[EventType "swiss"]
[EventRounds "9"]
[EventCountry "SLO"]
[Source "lmi"]
[SourceDate "2005.02.03"]

1. e4 e5 2. Nf3 Nc6 3. Bc4 Nf6 4. d3 Be7 5. a3 d6 6. Be3 Bg4 7. Nbd2 Qd7 8. O-O
h6 9. c3 Na5 10. Ba2 c5 11. b4 Nc6 12. Bb3 O-O 13. Ba4 a6 14. Nc4 Qc7 15. bxc5
dxc5 16. Bxc6 Bxf3 17. Qxf3 bxc6 18. Qg3 Rfd8 19. Bxh6 Bf8 20. Bg5 Be7 21. Nxe5
Nh5 22. Qh4 Qxe5 23. Bxe7 Rxd3 24. f4 Qxe4 25. Rae1 Re3 26. Bxc5 Nxf4 27. Qf2
Rxe1 28. Rxe1 Qc4 29. Bd4 c5 30. Qxf4 cxd4 31. Qxd4 Qxd4+ 32. cxd4 Rd8 33. Rd1
Kf8 34. Kf2 Ke7 35. Ke3 Kd6 36. Rc1 Rb8 37. Rc3 Rb2 38. g3 Rxh2 39. Rb3 Rc2 40.
Ke4 Rc4 41. g4 a5 42. Rb7 Ke6 43. Rb6+ Ke7 44. Rb5 Ra4 45. Rb3 Kd6 46. g5 Rc4
47. Rf3 Ke6 48. Rb3 f5+ 49. gxf6 gxf6 50. Rb6+ Ke7 51. Kd5 Rc3 52. Rb7+ Ke8 53.
Ke6 Kd8 54. Kxf6 Rxa3 55. d5 a4 56. Ke6 Rb3 57. Ra7 a3 58. Kd6 Kc8 59. Ra4 Re3
60. Ra7 Kb8 1/2-1/2

[Event "10. HIT Open 2005 - B"]
[Site "Nova Gorica SLO"]
[Date "2005.02.01"]
[Round "7.16"]
[White "Stolfa, Rodolfo"]
[Black "Samuelli, Daniele"]
[Result "0-1"]
[WhiteElo "1700"]
[BlackElo "1700"]
[PlyCount "74"]
[EventDate "2005.01.28"]
[EventType "swiss"]
[EventRounds "9"]
[EventCountry "SLO"]
[Source "lmi"]
[SourceDate "2005.02.03"]

1. d4 f5 2. Nf3 g6 3. Nbd2 Bg7 4. e4 fxe4 5. Nxe4 d5 6. Nc5 b6 7. Nd3 Nh6 8.
Bf4 O-O 9. Qd2 Nf5 10. c3 Nd6 11. Be2 Ne4 12. Qc1 c5 13. O-O Ba6 14. Re1 Nd7
15. Nde5 Bb7 16. Bb5 Nxe5 17. Nxe5 a6 18. Bd3 Nxf2 19. Kxf2 g5 20. Bxh7+ Kxh7
21. Qc2+ Kg8 22. Qg6 Rxf4+ 23. Kg1 Qd6 24. Qxg5 Qf6 25. Qg3 cxd4 26. cxd4 Rxd4
27. Nf3 Rc4 28. Re5 Rac8 29. Rf1 Rc1 30. Ree1 Rxe1 31. Rxe1 d4 32. Ng5 d3 33.
Rd1 Qd4+ 34. Kh1 Qd5 35. Rg1 d2 36. Qf4 Rc1 37. Qg3 Rxg1+ 0-1

[Event "10. HIT Open 2005 - B"]
[Site "Nova Gorica SLO"]
[Date "2005.02.01"]
[Round "7.17"]
[White "Leban, Matej"]
[Black "Bizjak, Nejc"]
[Result "1-0"]
[WhiteElo "1603"]
[BlackElo "1500"]
[PlyCount "33"]
[EventDate "2005.01.28"]
[EventType "swiss"]
[EventRounds "9"]
[EventCountry "SLO"]
[Source "lmi"]
[SourceDate "2005.02.03"]

1. e4 e5 2. Nf3 Nc6 3. Bb5 a6 4. Ba4 Be7 5. O-O Nf6 6. Re1 b5 7. Bb3 O-O 8. a4
Bb7 9. d3 d6 10. Nbd2 Na7 11. Nf1 c5 12. Ng3 b4 13. Nf5 Bc8 14. N3h4 Nd7 15.
Qg4 g6 16. Nxg6 hxg6 17. Qxg6+ 1-0

[Event "10. HIT Open 2005 - B"]
[Site "Nova Gorica SLO"]
[Date "2005.02.01"]
[Round "7.18"]
[White "Bembich, Corrado"]
[Black "Bacic, Domagoj"]
[Result "0-1"]
[WhiteElo "2000"]
[BlackElo "1534"]
[PlyCount "60"]
[EventDate "2005.01.28"]
[EventType "swiss"]
[EventRounds "9"]
[EventCountry "SLO"]
[Source "lmi"]
[SourceDate "2005.02.03"]

1. d4 d5 2. c4 e6 3. Nc3 Nf6 4. Nf3 c6 5. Bg5 Be7 6. e3 Ne4 7. Bxe7 Qxe7 8.
Nxe4 dxe4 9. Nd2 f5 10. Be2 O-O 11. O-O Nd7 12. f3 Qg5 13. f4 Qe7 14. c5 Nf6
15. h3 b6 16. Bc4 bxc5 17. dxc5 Qxc5 18. Re1 Nd5 19. Qb3 a5 20. a4 Qa7 21. Qa3
Rb8 22. Kf2 Nxf4 23. Qd6 Nd3+ 24. Bxd3 exd3 25. Qxd3 Rxb2 26. Rad1 Qc5 27. Kg3
Qe5+ 28. Kf2 c5 29. Kg1 Bb7 30. Nc4 Rxg2+ 0-1

[Event "10. HIT Open 2005 - B"]
[Site "Nova Gorica SLO"]
[Date "2005.02.01"]
[Round "7.19"]
[White "Mircoli, Filippo"]
[Black "Skrinjar, Matic"]
[Result "0-1"]
[WhiteElo "1928"]
[BlackElo "1527"]
[PlyCount "62"]
[EventDate "2005.01.28"]
[EventType "swiss"]
[EventRounds "9"]
[EventCountry "SLO"]
[Source "lmi"]
[SourceDate "2005.02.03"]

1. e4 e5 2. Nf3 Nc6 3. Bc4 Bc5 4. c3 Nf6 5. d4 exd4 6. cxd4 Bb4+ 7. Nc3 O-O 8.
Bd3 Re8 9. Qc2 d6 10. Bg5 h6 11. Bh4 Bg4 12. a3 Bxc3+ 13. bxc3 Bxf3 14. gxf3
Qe7 15. Kd2 Nxe4+ 16. fxe4 Qxh4 17. Kc1 Qf4+ 18. Kb2 a6 19. Rhg1 f6 20. Rg3 b5
21. Rag1 Re7 22. R1g2 Rf8 23. Rg4 Qf3 24. Qd2 Qh3 25. Rg6 Kh8 26. f4 Na5 27. f5
Nc4+ 28. Bxc4 bxc4 29. R2g3 Qh5 30. Qg2 Qd1 31. Ka2 Rb8 0-1

[Event "10. HIT Open 2005 - B"]
[Site "Nova Gorica SLO"]
[Date "2005.02.01"]
[Round "7.20"]
[White "Jug, Tina"]
[Black "Vetrih, Joze"]
[Result "0-1"]
[WhiteElo "1507"]
[BlackElo "1805"]
[PlyCount "94"]
[EventDate "2005.01.28"]
[EventType "swiss"]
[EventRounds "9"]
[EventCountry "SLO"]
[Source "lmi"]
[SourceDate "2005.02.03"]

1. e4 e5 2. Nf3 Nc6 3. Nc3 Nf6 4. d4 Bb4 5. Bg5 h6 6. Bh4 g5 7. Bg3 Nxe4 8. Qd3
Qe7 9. Qxe4 exd4 10. Qxe7+ Kxe7 11. Bd3 dxc3 12. b3 d6 13. h3 Be6 14. a3 Bc5
15. b4 Nxb4 16. axb4 Bxb4 17. Rb1 c5 18. O-O a5 19. Rfe1 Rhb8 20. Nh2 a4 21.
Ng4 h5 22. Ne3 Kd7 23. Nc4 b5 24. Nxd6 c4 25. Nxc4 bxc4 26. Bxb8 Rxb8 27. Be4
Kc7 28. Red1 Rb5 29. Kf1 Kb6 30. Rd8 Kc5 31. Ke1 f5 32. Bf3 g4 33. hxg4 hxg4
34. Be2 Ra5 35. Rb8 Ba3 36. Ra1 Bb2 37. Ra2 a3 38. f3 Rb5 39. Re8 Bd7 40. Re7
Rb7 41. Re5+ Kd4 42. Ra5 g3 43. Ra6 Bb5 44. Rf6 Ke5 45. Rf8 Rd7 46. Rg8 Kf4 47.
Rb8 Ba4 0-1

[Event "10. HIT Open 2005 - B"]
[Site "Nova Gorica SLO"]
[Date "2005.02.01"]
[Round "7.21"]
[White "Mikuz, Slavko"]
[Black "Peranovic, Zdravko"]
[Result "0-1"]
[WhiteElo "1634"]
[BlackElo "1500"]
[PlyCount "196"]
[EventDate "2005.01.28"]
[EventType "swiss"]
[EventRounds "9"]
[EventCountry "SLO"]
[Source "lmi"]
[SourceDate "2005.02.03"]

1. e4 c5 2. Nf3 Nc6 3. Nc3 e6 4. d4 cxd4 5. Nxd4 Bb4 6. Nb3 Nge7 7. Bg5 O-O 8.
Bd3 f6 9. Bd2 Ne5 10. O-O Nxd3 11. cxd3 b6 12. a3 Bd6 13. Rc1 Ba6 14. Qf3 Ng6
15. Qh3 Ne5 16. Bf4 Qe7 17. Rfd1 Rac8 18. Bxe5 fxe5 19. Ne2 Rxc1 20. Rxc1 Qg5
21. Qg3 Qf6 22. Qe3 Bb5 23. Nc3 Bc6 24. f3 Qg6 25. Kh1 Be7 26. Rf1 Bg5 27. Qe1
Qh5 28. Ne2 Qh6 29. Qg3 Bf6 30. Qf2 Ba4 31. Nbc1 Rc8 32. b3 Bb5 33. a4 Ba6 34.
b4 Rc2 35. b5 Bc8 36. a5 Bg5 37. axb6 axb6 38. Qxb6 Bxc1 39. h3 Be3 40. Qb8 Qg5
41. b6 Bxb6 42. Qxb6 Rxe2 43. Rg1 Rc2 44. Qa5 Rc1 45. Rxc1 Qxc1+ 46. Kh2 Qf4+
47. Kh1 Qf8 48. Qxe5 h6 49. Qc7 d5 50. Qa5 dxe4 51. dxe4 Kh7 52. Qd2 e5 53. Qc2
Qe8 54. Kh2 Qe6 55. Kh1 Ba6 56. Kh2 Qc4 57. Qb2 Qd4 58. Qa2 Bf1 59. Qe6 Bc4 60.
Qf5+ Kh8 61. Qc8+ Bg8 62. Kh1 Qe3 63. Kh2 Qf4+ 64. Kh1 Kh7 65. Qc6 Qg5 66. Kh2
Bb3 67. Qc3 Be6 68. Qd3 h5 69. Qe2 h4 70. Qf2 Qf4+ 71. Kh1 Qg3 72. Qe2 Kh6 73.
Qa6 Qg6 74. Qe2 Qf6 75. Kh2 g6 76. Kh1 Qf4 77. Qf2 Qg3 78. Qe2 Bxh3 79. gxh3
Qxh3+ 80. Kg1 Qg3+ 81. Kh1 h3 82. Qd2+ Kh5 83. Qe2 Kh4 84. Qf1 h2 85. f4 Qg1+
86. Qxg1 hxg1=Q+ 87. Kxg1 exf4 88. Kg2 Kg4 89. Kf2 Kh5 90. Kf3 g5 91. e5 Kg6
92. Ke4 Kf7 93. Kf3 Ke6 94. Kf2 Kxe5 95. Kg2 Ke4 96. Kf2 g4 97. Ke1 Ke3 98. Kf1
f3 0-1

[Event "10. HIT Open 2005 - B"]
[Site "Nova Gorica SLO"]
[Date "2005.02.01"]
[Round "7.22"]
[White "Muradore, Aldo"]
[Black "Zivkovic, Jan"]
[Result "0-1"]
[WhiteElo "2000"]
[BlackElo "1850"]
[PlyCount "118"]
[EventDate "2005.01.28"]
[EventType "swiss"]
[EventRounds "9"]
[EventCountry "SLO"]
[Source "lmi"]
[SourceDate "2005.02.03"]

1. d4 Nf6 2. c4 e6 3. Nf3 b6 4. g3 Bb7 5. Bg2 c5 6. O-O Qc7 7. b3 Be7 8. Nc3
O-O 9. Bf4 Qc8 10. Qc2 Nc6 11. Rad1 cxd4 12. Nxd4 Nxd4 13. Rxd4 Bxg2 14. Kxg2
d5 15. e4 Bc5 16. Rdd1 d4 17. Nb5 Rd8 18. Be5 d3 19. Rxd3 Rxd3 20. Qxd3 Ng4 21.
Bb2 f6 22. h3 Ne5 23. Bxe5 fxe5 24. Rd1 a6 25. Nc3 Qf8 26. f3 Bd4 27. Ne2 Rd8
28. f4 exf4 29. gxf4 Bf6 30. Qc2 Qc5 31. Rxd8+ Bxd8 32. Qd3 Bh4 33. Ng3 g5 34.
Qd8+ Kf7 35. Qh8 Bxg3 36. Qxh7+ Ke8 37. Qg6+ Ke7 38. Qxg5+ Qxg5 39. fxg5 Bh4
40. g6 Kf6 41. g7 Kxg7 42. Kf3 Kg6 43. Kg4 Bg5 44. b4 Bd2 45. a3 Be3 46. a4 Kf6
47. b5 axb5 48. cxb5 Ke5 49. Kf3 Bd2 50. h4 Kd4 51. h5 Kc5 52. Ke2 Bh6 53. Kd3
Bg7 54. Ke3 Kb4 55. Kf4 Bf6 56. h6 Kxa4 57. h7 Kxb5 58. e5 Bh8 59. Kg5 Bxe5 0-1